00930nam a2200217 a 4500001001000000003000500010005001700015008004100032010001100073011001100084040000900095100003400104245019500138260004100333500006000374502012400434650003200558650002500590650002700615856007000642000115771CHAP20220329144547.0190703s2018 mx a sm |||||||spa d a112232 a113204 cCHAP1 aMesino Santiago, Rosa Andrea.10aCaracteristicas de la faena y prevalencia de tuberculosis bovina (Mycobacterium bovis) en el rastro municipal de Coyuca de Benitez, Guerrero /h[En línea]cpor Rosa Andrea Mesino Santiago. aChapingo, Méx. :bEl autor,c2018. aPara ver el contenido del material haga clic en la liga aTesis (Ing. Agr. Zootecnista) -- Colegio Superior Agropecuario del Estado de Guerrero. Centro de Estudios Profesionales aGanado vacunoxEnfermedades aGanado vacunoxRazas aTuberculosis en ganado aFinding aiduhttp://10.13.5.2/tesis/sist115771.pdfzTeclea aquí